Movies Quiz

Random Movies or Clickable Quiz

Good, Bad, Big or Little Movies Quiz Stats

Quiz Updated Dec 17, 2017

Challenge
Share
Tweet
Embed
Score 0/40 Timer 08:00
2 Plays Today
Question Answer Wrong Answers
_____ Morning, Vietnam (1987)
Robin Williams, Forest Whitaker
Good
97.6%
Bad
0.1%
Big
0.2%
Little
0%
Stuart _____ (1999)
(animated) Michael J. Fox, Geena Davis
Little
97.2%
Good
0.2%
Bad
0.2%
Big
0.2%
The _____ Mermaid (1989)
(animated) Jodi Benson, Rene Auberjonois
Little
97.2%
Good
0.4%
Bad
0.2%
Big
0.1%
_____ Miss Sunshine (2006)
Steve Carell, Toni Collette
Little
97.1%
Good
0.5%
Bad
0.2%
Big
0.2%
The Good, the ____ and the Ugly (1966)
Clint Eastwood, Eli Wallach
Bad
97%
Good
0.3%
Big
0.4%
Little
0.1%
My _____ Fat Greek Wedding (2002)
Nia Vardalos, John Corbett
Big
96.9%
Good
0.2%
Bad
0.6%
Little
0.2%
_____ Will Hunting (1997)
Robin Williams, Matt Damon
Good
96.7%
Bad
0.4%
Big
0.5%
Little
0.2%
_____ Night, and _____ Luck. (2005)
David Strathairn, George Clooney
Good
96.2%
Bad
1.1%
Big
0.4%
Little
0.1%
_____ Santa (2003)
Billy Bob Thornton, Bernie Mac
Bad
96.1%
Good
0.7%
Big
0.6%
Little
0.5%
A Few _____ Men (1992)
Tom Cruise, Jack Nicholson,
Good
95.7%
Bad
1.3%
Big
0.3%
Little
0.7%
As _____ as It Gets (1997)
Jack Nicholson, Helen Hunt
Good
95.5%
Bad
1.6%
Big
0.6%
Little
0.2%
The _____ Lebowski (1998)
Jeff Bridges, John Goodman
Big
95.2%
Good
0.7%
Bad
1.4%
Little
0.6%
_____ Teacher (2011)
Cameron Diaz, Jason Segel
Bad
95%
Good
2.4%
Big
0.3%
Little
0.3%
Big Trouble in _____ China (1986)
Kurt Russell, Kim Cattrall
Little
94.2%
Good
0.3%
Bad
0.5%
Big
2.7%
_____ Shop of Horrors (1986)
Rick Moranis, Ellen Greene
Little
94.1%
Good
0.4%
Bad
0.7%
Big
2.4%
_____ Boys (1995)
Will Smith, Martin Lawrence
Bad
93.8%
Good
1.7%
Big
1.7%
Little
0.6%
_____ Grandpa (2013)
Johnny Knoxville, Jackson Nicoll
Bad
93.5%
Good
1.6%
Big
1.5%
Little
1.1%
The _____ Easy (1986)
Dennis Quaid, Ellen Barkin
Big
93.3%
Good
1.4%
Bad
1%
Little
2.1%
_____ Moms (2016)
Mila Kunis, Kristen Bell
Bad
92.8%
Good
3.2%
Big
0.7%
Little
1.2%
A _____ Day to Die Hard (2013)
Bruce Willis, Jai Courtney
Good
92.8%
Bad
4.8%
Big
0.3%
Little
0.1%
Pee-wee's _____ Adventure (1985)
Paul Reubens, Elizabeth Daily
Big
92.2%
Good
0.5%
Bad
0.6%
Little
4.5%
The _____ Chill (1983)
Glenn Close, Jeff Goldblum
Big
92.1%
Good
2.1%
Bad
2.1%
Little
1.6%
_____ Fockers (2010)
Ben Stiller, Robert De Niro
Little
91.8%
Good
1.4%
Bad
2.8%
Big
1.9%
_____ Women (1949)
June Allyson, Peter Lawford
Little
90.9%
Good
2.5%
Bad
3.5%
Big
0.9%
_____ Daddy (1999)
Adam Sandler, Joey Lauren Adams
Big
90.3%
Good
1.3%
Bad
5.1%
Little
1.1%
The _____ Short (2015)
Christian Bale, Steve Carell
Big
89.7%
Good
1.8%
Bad
1.4%
Little
4.9%
_____ Big Man (1970)
Dustin Hoffman, Faye Dunaway
Little
89.3%
Good
1.3%
Bad
1.6%
Big
5.5%
_____ Fish (2003)
Ewan McGregor, Albert Finney
Big
89.1%
Good
0.9%
Bad
1.9%
Little
6%
The _____ Shepherd (2006)
Matt Damon, Angelina Jolie
Good
88.4%
Bad
2.2%
Big
0.9%
Little
6.3%
_____ Nicky (2000)
Adam Sandler, Patricia Arquette
Little
88.2%
Good
1.5%
Bad
5.1%
Big
3%
All _____ Things (2010)
Ryan Gosling, Kirsten Dunst
Good
88.1%
Bad
3.6%
Big
1.5%
Little
4.6%
The _____ Sleep (1946)
Humphrey Bogart, Lauren Bacall
Big
84.8%
Good
7.7%
Bad
3.3%
Little
1.9%
_____ Caesar (1931)
Edward G. Robinson, Douglas Fairbanks Jr.
Little
84.7%
Good
3.8%
Bad
4.7%
Big
4.5%
_____ Hero 6 (2014)
(animated) Ryan Potter, Scott Adsit
Big
83.1%
Good
2.9%
Bad
1.7%
Little
10.1%
The _____ Girl (2002)
Jennifer Aniston, Jake Gyllenhaal
Good
81.5%
Bad
12.2%
Big
1.3%
Little
2.7%
The _____ News Bears (1976)
Walter Matthau, Tatum O'Neal
Bad
81.3%
Good
11.4%
Big
3.2%
Little
1.9%
The _____ Seed (1956)
Nancy Kelly, Patty McCormack
Bad
76.3%
Good
9.5%
Big
4.3%
Little
7.4%
_____ Girls (1994)
Madeleine Stowe, Mary Stuart Masterson
Bad
68.2%
Good
20.8%
Big
4.5%
Little
4.2%
The Long _____ Friday (1980)
Bob Hoskins, Helen Mirren
Good
67.8%
Bad
24.5%
Big
3.8%
Little
1.6%
_____ Lieutenant (1992)
Harvey Keitel, Brian McElroy
Bad
67.5%
Good
19.6%
Big
3.8%
Little
6.7%

You're not logged in!

Compare scores with friends on all Sporcle quizzes.
Sign Up with Email
OR
Log In

You Might Also Like...

Show Comments

Extras

Top Quizzes Today


Score Distribution

Your Account Isn't Verified!

In order to create a playlist on Sporcle, you need to verify the email address you used during registration. Go to your Sporcle Settings to finish the process.